000 00492nam a2200181 a 4500
005 20140412111251.0
008 010326s19uu xx 00 eng d
020 _a0-590-02044-7
050 _aTR(PS E
_bCu-Ge
100 _aRey, H. A.
245 _aCurious George gets a medal /
_cby H. A. Rey.
260 _aNew York :
_bScholastic Inc,
_c1957.
300 _a1 v. (unp.) ; ill.
440 _aCurious George
650 _aMedals--Fiction
650 _aMonkeys--Fiction
999 _c103169
_d103169